000 00779nam a22002297a 4500
999 _c15741
_d15741
003 MIRAKIL
005 20240322112727.0
008 240322b tu ||||| |||| 00| 0 tur d
020 _a9789751620828
040 _aTR-AnCHP
_cTR-AnCHP
041 _atur
082 _a417.3
_bİ43e 2008
100 _aİleri, Canan
245 1 0 _aEskişehir ili Mihalıççık ilçesi ve yöresi ağızları :
_bses bilgisi, metinler, dizin /
_cCanan İleri.
260 _aAnkara :
_bTürk Dil Kurumu,
_c2008.
300 _a879 s. ;
_c24 cm.
490 0 _aAtatürk Kültür, Dil ve Tarih Kurumu yayınları ;
_v940.
500 _aDizin vardır
650 0 _97753
_aAğızlar
856 _zDijital Nüshası için Partimizin Kütüphane Sorumlusu ile iletişime geçiniz.
942 _2ddc
_cBKS